000 00337nam a22001097a 4500
082 _a346.04373
_bMAN
245 _aManual of Settlement :
_bLaw and procedure /
_cCreator Pakistan The Chief Settlement Commissioner
260 _aKarachi :
_bManager of Publications,
_cN.A.
300 _a636 p. ;
_c25 cm.
563 _aHB.
942 _2ddc
_cBK
999 _c616267
_d616267